[Event "VEN-chT Liga Superior qual"]
[Site "Caracas"]
[Date "2018.01.28"]
[Round "6.5"]
[White "Descarrega Zacarias, Vanessa"]
[Black "Yannucci Cabas, Ramon Edmundo"]
[Result "1-0"]
[WhiteElo "1785"]
[BlackElo "1708"]
[PlyCount "57"]
[EventDate "2018.01.26"]
[EventType "team-swiss"]
[EventRounds "6"]
[EventCountry "VEN"]
[SourceTitle "EXT 2022"]
[Source "ChessBase"]
[SourceDate "2021.10.06"]
[SourceVersion "1"]
[SourceVersionDate "2021.10.06"]
[SourceQuality "1"]
[WhiteTeam "Chicas Super Poderosas"]
[BlackTeam "Hermandad Gallega de Caracas"]
[WhiteTeamCountry "VEN"]
[BlackTeamCountry "VEN"]

1. e4 e6 2. d4 d5 3. Nd2 Nf6 4. e5 Nfd7 5. Ngf3 c5 6. c3 Nc6 7. Bd3 cxd4 8. cxd4 Be7 9. 0-0 0-0 10. Nb3 f6 11. exf6 Nxf6 12. Re1 Bd7 13. Ng5 Qc8 14. f4 h6 15. Nf3 Be8 16. Qe2 Bf7 17. Bd2 Bd6 18. h3 Re8 19. Ne5 Ne7 20. Rac1 Nc6 21. Na5 Bxe5 22. Nxc6 bxc6 23. fxe5 Nh7 24. Qg4 g5 25. Rf1 Rf8 26. h4 h5 27. Bxh7+ Kxh7 28. Qxg5 Qd7 29. Rf6 1-0

[Event "Caracas FVA 80th Ann"]
[Site "Caracas"]
[Date "2015.12.18"]
[Round "6"]
[White "Yannucci Cabas, Ramon Edmundo"]
[Black "Barreto Bastidas, Jose Angel"]
[Result "0-1"]
[WhiteElo "1757"]
[BlackElo "1981"]
[PlyCount "58"]
[EventDate "2015.12.16"]
[EventType "swiss"]
[EventRounds "8"]
[EventCountry "VEN"]
[SourceTitle "EXT 2018"]
[Source "ChessBase"]
[SourceDate "2017.10.13"]
[SourceVersion "1"]
[SourceVersionDate "2017.10.13"]
[SourceQuality "1"]

1. e4 c5 2. d4 cxd4 3. c3 dxc3 4. Nxc3 Nc6 5. Nf3 d6 6. Bc4 e6 7. 0-0 Nf6 8. Qe2 Be7 9. Rd1 e5 10. Be3 0-0 11. Rac1 a6 12. Nd5 Nxd5 13. Bxd5 Bd7 14. Rc3 Kh8 15. Rb3 Qc8 16. Rc1 f5 17. Bg5 Bxg5 18. Nxg5 Nd4 19. Qe1 Qxc1 20. Qxc1 Ne2+ 21. Kf1 Nxc1 22. Rxb7 Rad8 23. exf5 Rxf5 24. Nf7+ Rxf7 25. Bxf7 Bb5+ 26. Ke1 Nd3+ 27. Kd2 Nxb2 28. Kc3 Nd1+ 29. Kb4 Nxf2 0-1

[Event "Caracas FVA 80th Ann"]
[Site "Caracas"]
[Date "2015.12.16"]
[Round "2"]
[White "Yannucci Cabas, Ramon Edmundo"]
[Black "Blanco, Juan"]
[Result "0-1"]
[WhiteElo "1757"]
[BlackElo "1978"]
[PlyCount "70"]
[EventDate "2015.12.16"]
[EventType "swiss"]
[EventRounds "8"]
[EventCountry "VEN"]
[SourceTitle "EXT 2018"]
[Source "ChessBase"]
[SourceDate "2017.10.13"]
[SourceVersion "1"]
[SourceVersionDate "2017.10.13"]
[SourceQuality "1"]

1. e4 c5 2. d4 cxd4 3. c3 d3 4. Nf3 d6 5. Bg5 Nc6 6. Bxd3 g6 7. Nbd2 Bg7 8. Qe2 Nf6 9. 0-0 0-0 10. Rad1 h6 11. Bh4 Nh5 12. Qe3 Bg4 13. h3 Be6 14. Bc4 Qc8 15. Bxe6 fxe6 16. Nd4 g5 17. Bg3 Nf4 18. N2f3 Ne5 19. Nxe5 Bxe5 20. Nf3 Bg7 21. h4 e5 22. hxg5 Qg4 23. Bxf4 Rxf4 24. Nh2 Qxg5 25. g3 Qg6 26. Kh1 Qxe4+ 27. Qxe4 Rxe4 28. Rd2 Ra4 29. a3 Rf8 30. Kg2 Bf6 31. Ng4 Rxg4 32. b3 Rg7 33. Re1 h5 34. f3 Bh4 35. Re4 Bxg3 0-1

[Event "Caracas VII Aniversario Ciencias U.C.V."]
[Site "Caracas"]
[Date "2015.04.01"]
[Round "1.34"]
[White "Uchest, Emilio"]
[Black "Yannucci Cabas, Ramon Edmundo"]
[Result "0-1"]
[WhiteElo "1792"]
[BlackElo "1733"]
[PlyCount "130"]
[EventDate "2015.04.01"]
[EventType "swiss"]
[EventRounds "9"]
[EventCountry "VEN"]
[SourceTitle "EXT 2022"]
[Source "ChessBase"]
[SourceDate "2021.10.06"]
[SourceVersion "1"]
[SourceVersionDate "2021.10.06"]
[SourceQuality "1"]

1. e4 e6 2. d4 d5 3. e5 c5 4. c3 Nc6 5. Nf3 Qb6 6. Bd3 Bd7 7. Bc2 cxd4 8. cxd4 Nb4 9. 0-0 Nxc2 10. Qxc2 Rc8 11. Nc3 Be7 12. a3 f6 13. Qe2 fxe5 14. Nxe5 Nf6 15. Bg5 Rc7 16. Bxf6 Bxf6 17. Qh5+ g6 18. Nxg6 hxg6 19. Qxg6+ Ke7 20. Rfe1 Qd6 21. g3 Rcc8 22. Rad1 Rcg8 23. Qf5 Kf7 24. Qf3 Rg5 25. Ne2 Rgh5 26. h4 Rf5 27. Nf4 Bxh4 28. Re5 Bf6 29. Rxf5 exf5 30. Qb3 Bc6 31. Qf3 Bd8 32. Nd3 Qf6 33. Ne5+ Kg8 34. Kg2 Qh6 35. Qxf5 Qh2+ 36. Kf3 Qh5+ 37. Qxh5 Rxh5 38. Kg4 Rg5+ 39. Kf4 Rh5 40. Rc1 Bg5+ 41. Kg4 Bxc1 42. Kxh5 Bxb2 43. f4 Bxd4 44. Nf3 Bb2 45. g4 Bxa3 46. g5 Bb2 47. f5 d4 48. Ne5 Be8+ 49. g6 Kg7 50. Nd3 Ba3 51. Kg5 Be7+ 52. Kf4 a5 53. Ke4 Bf6 54. Nf4 Bc6+ 55. Kd3 a4 56. Nh5+ Kh6 57. Nxf6 a3 58. Kc2 d3+ 59. Kb3 d2 60. Ng4+ Kg7 61. Ne3 Bf3 62. Kxa3 d1Q 63. Nxd1 Bxd1 64. Kb4 Bg4 65. Kc5 Bxf5 0-1